000 00529nam a22001817a 4500
005 20251108172240.0
008 250721s2000 xx 000 0 ara d
082 1 4 _a216.7/عفا
100 1 _aعفانة، جواد موسى محمد
245 1 0 _aمرتكبوا الكبائر و الخلود في جهنم /
264 1 _aعمان :
_bدار عمار،
_c2000.
300 _a135ص
650 1 7 _aالكبائر
650 1 7 _aالحدود الشرعية
650 1 7 _aالإسلام
942 _2ddc
_cBK
999 _c74203
_d74203